000 00540nam a2200193Ia 4500
001 1732
003 GE_BSU
008 181216s||||||||xx |||||||||||||| ||und||
040 _cGE_BSU
080 _a821.353.1
245 _aქართული რომანტიზმი
260 _aთბილისი
260 _bსაბჭოთა საქართველო
260 _c1979
300 _a255 გვ.20 სმ.
541 _h12 ლ.
653 _aქართული რომანტიზმი
942 _cBK
999 _c35841
_d35841